World Chess Champions - Statistics

General Stats
  • This quiz has been taken 17 times
    3 since last reset
  • The average score is 33 of 51
Answer Stats
Years Champions % Correct
2013 Carlsen
100%
2014 Carlsen
100%
2016 Carlsen
100%
2018 Carlsen
100%
2021 Carlsen
100%
1972 Fischer
100%
1927 Alekhine
67%
1929 Alekhine
67%
1934 Alekhine
67%
1937 Alekhine
67%
1948 Botvinnik
67%
1951 Botvinnik
67%
1954 Botvinnik
67%
1958 Botvinnik
67%
1961 Botvinnik
67%
1921 Capablanca
67%
1935 Euwe
67%
1975 Karpov
67%
1978 Karpov
67%
1981 Karpov
67%
1984 Karpov
67%
1985 Kasparov
67%
1986 Kasparov
67%
1987 Kasparov
67%
1990 Kasparov
67%
1993 Kasparov
67%
1995 Kasparov
67%
1894 Lasker
67%
1896 Lasker
67%
1907 Lasker
67%
1908 Lasker
67%
1910 Lasker
67%
1910 Lasker
67%
2023 Liren
67%
1963 Petrosian
67%
1966 Petrosian
67%
1957 Smyslov
67%
1969 Spassky
67%
1886 Steinitz
67%
1889 Steinitz
67%
1890 Steinitz
67%
1892 Steinitz
67%
1960 Tal
67%
2007 Anand
33%
2008 Anand
33%
2010 Anand
33%
2012 Anand
33%
2024 Gukesh
33%
2000 Kramnik
33%
2004 Kramnik
33%
2006 Kramnik
33%
No matching quizzes found
Score Distribution
Percent of People with Each Score
Percentile by Number Answered
Your Score History
You have not taken this quiz since the last reset